Effectiveness of ex-situe elephant conservation at phnom tamao zoological garden and wildlife rescuenter, ប្រសិទ្ធភាពនៃការអភិរក្សសត្វដំរីនៅក្រៅតំបន់ ក្នុងឧស្យានសួនសត្វ និងមណ្ឌលសង្រ្គោះសត្វព្រៃភ្នំតាម៉ៅ, (Record no. 3508)
[ view plain ]
| 000 -LEADER | |
|---|---|
| fixed length control field | 00749nam a22001577a 4500 |
| 003 - CONTROL NUMBER IDENTIFIER | |
| control field | OSt |
| 005 - DATE AND TIME OF LATEST TRANSACTION | |
| control field | 20151117104944.0 |
| 008 - FIXED-LENGTH DATA ELEMENTS--GENERAL INFORMATION | |
| fixed length control field | 151117b xxu||||| |||| 00| 0 eng d |
| 040 ## - CATALOGING SOURCE | |
| Transcribing agency | RUA |
| 082 ## - DEWEY DECIMAL CLASSIFICATION NUMBER | |
| Classification number | FOR SOP 2001 B127 Or.1 |
| 100 ## - MAIN ENTRY--PERSONAL NAME | |
| 9 (RLIN) | 3770 |
| Personal name | SOPHAL LASKA |
| 245 ## - TITLE STATEMENT | |
| Title | Effectiveness of ex-situe elephant conservation at phnom tamao zoological garden and wildlife rescuenter, ប្រសិទ្ធភាពនៃការអភិរក្សសត្វដំរីនៅក្រៅតំបន់ ក្នុងឧស្យានសួនសត្វ និងមណ្ឌលសង្រ្គោះសត្វព្រៃភ្នំតាម៉ៅ, |
| 260 ## - PUBLICATION, DISTRIBUTION, ETC. (IMPRINT) | |
| Place of publication, distribution, etc. | Phnom Penh |
| Name of publisher, distributor, etc. | RUA |
| Date of publication, distribution, etc. | 2001 |
| 300 ## - PHYSICAL DESCRIPTION | |
| Extent | 48p. |
| Other physical details | ill. |
| Dimensions | 29cm. |
| 942 ## - ADDED ENTRY ELEMENTS (KOHA) | |
| Source of classification or shelving scheme | |
| Koha item type | FOR |
| Price effective from | Date last seen | Permanent Location | Not for loan | Date acquired | Source of classification or shelving scheme | Koha item type | Barcode | Lost status | Damaged status | Shelving location | Withdrawn status | Current Location | Full call number |
|---|---|---|---|---|---|---|---|---|---|---|---|---|---|
| 2015-11-17 | 2015-11-17 | Library Block B | 2015-11-17 | FOR | RUA031832 | B127 | Library Block B | FOR SOP 2001 B127 Or.1 | |||||
| 2015-11-17 | 2015-11-17 | Library Block B | 2015-11-17 | FOR | RUA031824 | B127 | Library Block B | FOR SOP 2001 B127 Or.2 | |||||
| 2015-11-17 | 2015-11-17 | Library Block B | 2015-11-17 | FOR | RUA031828 | B127 | Library Block B | FOR SOP 2001 B127 Or.3 | |||||
| 2015-11-17 | 2015-11-17 | Library Block B | 2015-11-17 | FOR | RUA031768 | B127 | Library Block B | FOR SOP 2001 B127 Or.4 | |||||
| 2015-11-17 | 2015-11-17 | Library Block B | 2015-11-17 | FOR | RUA031708 | B127 | Library Block B | FOR SOP 2001 B127 Or.5 | |||||
| 2015-11-17 | 2015-11-17 | Library Block B | 2015-11-17 | FOR | RUA031628 | B127 | Library Block B | FOR SOP 2001 B127 Or.6 |